00464nam a2200181 a 4500001001300000003000900013005001700022008004100039020001000080082001600090100001500106245006000121260003000181300000900211500003500220505001000255650001700265nice12345678IN_TiNIC20260116011329.0050524s1897 leia grp 000 0 ger  ac10000a955.01bNOL aNoldeke, T aGeschichte Der Perser Und Araber Zur Zeit Der Sasaniden aLeidenbE. J. Brillc1897 a503p aincludes index and biblioraphy2 aindex aIran-History